000 00957nam a2200277 4500
003 dpl
005 20180818131811.0
008 180818b xxu||||| |||| 00| 0 eng d
010 _aB-228063
020 _a9788178241791
035 _aB-228063, B-228067
037 _bCen Lib / Ret
040 _aDPL
_bEN
_c0
082 _a080
_bBOS
100 _aBose, Subhas Chandra
245 _aChalo Delhi :
_bwritings and speeches 1943-1945 /
_cby Subhas Chandra Bose ; edited by Sisir K. Bose [and] Sugata Bose /
260 _aDelhi
_bPermanent Black
_c2007
270 _a38/2 Lala Lajpat Rai Road
_bCalcutta
_e700020
300 _av 12. 450
_b24cm(Hb)
650 _a Bose, Subhas Chandra, -- 1897-1945 -- Correspondence.
650 _aBose, Subhas Chandra, -- 1897-1945 -- Oratory.
650 _aIndia -- Politics and government -- 1919-1947.
700 _aBose, Sisir K.
700 _aBose, Sugata
942 _2ddc
_cEN
_h080
_mBOS
999 _c136475
_d136475